[Event "Master Tournament (MTO)"]
[Site "Biel/Bienne"]
[Date "2018.08.01"]
[Round "9.16"]
[White "Moussard, Jules"]
[Black "Mamedjarova, Turkan"]
[Result "1-0"]
[WhiteElo "2559"]
[BlackElo "2309"]
[PlyCount "67"]
[EventDate "2018.07.23"]

1. b3 e5 2. Bb2 Nc6 3. e3 d5 4. Nf3 e4 5. Nd4 Nf6 6. c4 Nxd4 7. Bxd4 dxc4 8.
Bxc4 Bd6 9. Nc3 Bf5 10. f3 O-O 11. O-O Bg6 12. fxe4 Nd7 13. Nb5 Be5 14. Bxe5
Nxe5 15. Qc2 Re8 16. Be2 Nc6 17. Nc3 Nb4 18. Qc1 Bxe4 19. Nxe4 Rxe4 20. Bf3 Re6
21. Bxb7 Rb8 22. Bf3 Qd6 23. Qc3 c5 24. Be2 Rh6 25. g3 Rd8 26. Bc4 Nd5 27. Qd3
Rd7 28. Rf2 Qe5 29. Raf1 Nf6 30. Rxf6 Rxh2 31. Kxh2 Qh5+ 32. Kg1 Qh3 33. Qe2
gxf6 34. Rf2 1-0

[Event "Master Tournament (MTO)"]
[Site "Biel/Bienne"]
[Date "2018.08.01"]
[Round "9.18"]
[White "Aravindh, Chithambaram Vr."]
[Black "Omar, Noaman"]
[Result "1/2-1/2"]
[WhiteElo "2580"]
[BlackElo "2353"]
[PlyCount "53"]
[EventDate "2018.07.23"]

1. c4 e6 2. Nf3 d5 3. d4 Nf6 4. g3 dxc4 5. Bg2 c5 6. O-O Nc6 7. dxc5 Qxd1 8.
Rxd1 Bxc5 9. Nbd2 c3 10. bxc3 O-O 11. Nb3 Be7 12. Nfd4 Bd7 13. Nxc6 Bxc6 14.
Bxc6 bxc6 15. Bg5 h6 16. Bxf6 Bxf6 17. Rac1 a5 18. Nc5 Rfb8 19. Na4 Rd8 20. Kf1
Rxd1+ 21. Rxd1 Rb8 22. Ke1 g5 23. Kd2 g4 24. h4 gxh3 25. Rh1 Rb5 26. Rxh3 Rb1
27. Rh5 1/2-1/2

[Event "Master Tournament (MTO)"]
[Site "Biel/Bienne"]
[Date "2018.08.01"]
[Round "9.19"]
[White "Zoler, Dan"]
[Black "Schnepp, Gunnar"]
[Result "1-0"]
[WhiteElo "2506"]
[BlackElo "2336"]
[PlyCount "55"]
[EventDate "2018.07.23"]

1. d4 Nf6 2. c4 c5 3. d5 b5 4. cxb5 a6 5. bxa6 g6 6. Nc3 Bg7 7. e4 O-O 8. Nf3
Qa5 9. Bd2 Bxa6 10. Be2 d6 11. O-O Nbd7 12. Bxa6 Qxa6 13. Qc2 c4 14. Nd4 Nc5
15. Nc6 e6 16. Bf4 Nb7 17. a4 Rfe8 18. Bg5 exd5 19. Bxf6 Qxc6 20. Nxd5 Nc5 21.
Bxg7 Kxg7 22. Qxc4 Rxa4 23. Qc3+ Kh6 24. Nf6 Rexe4 25. Ng8+ Kh5 26. Qf3+ Kg5
27. g3 Qc8 28. Rxa4 1-0

[Event "Master Tournament (MTO)"]
[Site "Biel/Bienne"]
[Date "2018.08.01"]
[Round "9.20"]
[White "Soham, Das"]
[Black "AL-Sayed, Mohammed"]
[Result "1/2-1/2"]
[WhiteElo "2359"]
[BlackElo "2511"]
[PlyCount "45"]
[EventDate "2018.07.23"]

1. e4 e5 2. Nf3 Nc6 3. Bc4 Bc5 4. O-O Nf6 5. d3 O-O 6. Nbd2 d6 7. c3 a6 8. Bb3
Ba7 9. h3 Be6 10. Re1 Qd7 11. Nf1 Kh8 12. Bc2 Ne7 13. Ng3 Ng6 14. a4 c6 15. Bg5
Qc7 16. Qd2 Ng8 17. Rad1 Rae8 18. Be3 Nf6 19. Bg5 Ng8 20. Be3 Nf6 21. Bg5 Ng8
22. Be3 Nf6 23. Bg5 1/2-1/2